EDUCATING CHILDREN WITH FRAGAILE X Syndrome: A Multi-Professional View (Record no. 27207)
[ view plain ]
| 000 -LEADER | |
|---|---|
| fixed length control field | 00300nam a22001217a 4500 |
| 003 - CONTROL NUMBER IDENTIFIER | |
| control field | SGT |
| 082 ## - DEWEY DECIMAL CLASSIFICATION NUMBER | |
| Classification number | 370,HUG |
| 100 ## - MAIN ENTRY--PERSONAL NAME | |
| Personal name | HUGHES,DENISE DEW |
| 245 ## - TITLE STATEMENT | |
| Title | EDUCATING CHILDREN WITH FRAGAILE X Syndrome: A Multi-Professional View |
| 260 ## - PUBLICATION, DISTRIBUTION, ETC. (IMPRINT) | |
| Place of publication, distribution, etc | LONDON |
| Name of publisher, distributor, etc | ROUTLEDGE |
| Year of Publication | 2016 |
| 300 ## - PAGE DESCRIPTION | |
| No. of Pages | 196 |
| 942 ## - ADDED ENTRY ELEMENTS (KOHA) | |
| Source of classification or shelving scheme | Dewey Decimal Classification |
| Koha item type | Books |
| Withdrawn status | Lost status | Source of classification or shelving scheme | Damaged status | Not for loan | Collection code | Home library | Current library | Shelving location | Date acquired | Vendor Name | Cost, normal purchase price | SGTU | Bill Number | Total Checkouts | Full call number | Accession No. (Barcode) | Date last seen | Bill Date | Koha item type |
|---|---|---|---|---|---|---|---|---|---|---|---|---|---|---|---|---|---|---|---|
| Dewey Decimal Classification | Not For Loan | EDUCATION | SGT Engineering Library | SGT Engineering Library | Reference Book | 24/10/2024 | AHUJA BOOK COMPANY | 8586.00 | SGTU | IN19460 | 370,HUG | ED5374 | 24/10/2024 | 31/08/2024 | Books |